• 首页
  • 本馆介绍
  • 公告通知
  • 最新文献
  • 馆藏检索
  • 电子资源
  • 读者导购
  • 参考咨询
  • 我的图书馆
  • 登录
  • 详细信息显示
  • 放入我的书架
  • 预约/预借图书
  • 作者相关作品
  • 分类相关作品
  • 丛书相关作品
  • 出版社相关作品

书目信息

  • 表格格式
  • 工作单格式
  • 卡片格式
题名:
实现Windows 2000 Professional和Server
    
 
作者: ;希望图书创作室 译 ;微软公司 著
分册:  
出版信息: 北京   北京希望电子出版社  2002
页数: 569页
开本: 26cm
丛书名:
单 册:
中图分类: TP316.86
科图分类:
主题词: 软件
电子资源:
ISBN: 7-900118-11-X
000 01070nam0 2200241 450
001 0751842145
005 20070717094131.65
010    @a7-900118-11-X@dCNY67.00
100    @a20070714d2002 km y0chiy0120 ea
101 0  @achi
102    @aCN@b110000
200 1  @a实现Windows 2000 Professional和Server@Ashi xian Windows 2000 Professional he Server@f(美)微软公司著@F(mei)wei ruan gong si zhu@g希望图书创作室译@Gxi wang tu shu chuang zuo shi yi
210    @a北京@c北京希望电子出版社@d2002
215    @a569页@d26cm
300    @a微软认证高级技术培训中心(CTEC)中文版标准教材系列 微软培训与认证指定教材 课程号:2152A
330    @a本书介绍如何实现Microsoft Windows 2000网络基础结构,包括如何配置DHCP服务器服务、域名系统器服务和Windows Internet Name Server(WINS)。
517 1  @aImplementing Microsoft Windows 2000 Professional and Windows 2000 Advanced Server
606 0  @a软件
690    @aTP316.86@v3
702  0 @a希望图书创作室@Axi wang tu shu chuang zuo shi@4译
711 02 @a微软公司@Awei ruan gong si@4著
801  0 @aCN@bPFT@c20070717
905    @a10447@dTP316.86@e103
    
    实现Windows 2000 Professional和Server/(美)微软公司著/希望图书创作室译.-北京:北京希望电子出版社,2002
    569页;26cm
    微软认证高级技术培训中心(CTEC)中文版标准教材系列 微软培训与认证指定教材 课程号:2152A
    
    ISBN 7-900118-11-X:CNY67.00
    本书介绍如何实现Microsoft Windows 2000网络基础结构,包括如何配置DHCP服务器服务、域名系统器服务和Windows Internet Name Server(WINS)。
●
相关链接 在E读中查询图书 在五车中查询图书 在当当中查询图书 在豆瓣中查询图书


正题名:实现Windows 2000 Professional和Server     索取号:TP316.86/103         预约/预借

序号 登录号 条形码 馆藏地/架位号 状态 备注
1 0775582   207755829   第二样本阅览室/ [索取号:TP316.86/103] 在馆    
唐山师范学院图书馆 欢迎您!
大连网信软件有限公司© 版权所有